000 00776nam a2200217Ii 4500
003 JO-AjNU
008 230605s9999||||xx |||||||||||||| ||und||
017 _a2004/7/1812
040 _aJO-AjNU
_bara
_erda
_cJO-AjNU
041 _aara
050 1 4 _aDS119.7.K356 2004
100 3 _aتاليف كيلة، سلامة,
_eauthor
_917246
245 0 0 _aالابعاد المستقبلية: المشروع الصهيوني والمسالة الفلسطينية
250 _aط1
264 3 1 _aعمان: أزمنة للنشر والتوزيع، 2004
300 _a167ص
336 _atext
_btxt
_2rdacontent
337 _aunmediated
_bn
_2rdamedia
338 _avolume
_bnc
_2rdacarrier
650 4 _a النزاع العربي الاسرائيلي- تاريخ- دراسات
_917247
999 _aA5287
_c8855
_d8855